000 00683nam a2200169 i 4500
001 159014
003 ES-MaACL
005 20230906211420.0
008 970605s1899 sp |||| | spa d
100 1 _aMartínez Unciti, Ricardo.
_9129638
245 1 1 _a¡Inglaterra señora del mundo!
_b: notas de palpitante actualidad basadas en el estudio de la historia y del arte militar /
_cpor Ricardo Martínez Unciti.
260 _aMadrid :
_bLibrería de Leopoldo Martínez,
_c1899 (
_fImp. de Ricardo Rojas)
300 _aXVI, 432 p. ;
_c19 cm.
505 8 _aBibliografía : p. 287-420
651 4 _aGran Bretaña-
_xHistoria-
_yS.XIX.
_9149699
852 _aES-MaACL
_jB-3281
_z- Enc. hol.
999 _c159014
_d159014